| 000 -LEADER |
| fixed length control field |
00668nam a2200205Ia 4500 |
| 001 - CONTROL NUMBER |
| control field |
5297 |
| 003 - CONTROL NUMBER IDENTIFIER |
| control field |
GE_BSU |
| 008 - FIXED-LENGTH DATA ELEMENTS--GENERAL INFORMATION |
| fixed length control field |
181216s||||||||xx |||||||||||||| ||und|| |
| 040 ## - CATALOGING SOURCE |
| Transcribing agency |
GE_BSU |
| 080 ## - UNIVERSAL DECIMAL CLASSIFICATION NUMBER |
| Universal Decimal Classification number |
519.76 |
| 100 ## - MAIN ENTRY--PERSONAL NAME |
| Personal name |
Гладкий А.В., Мельчук И.А. |
| 245 ## - TITLE STATEMENT |
| Title |
Элементы математической лингвистики |
| 245 ## - TITLE STATEMENT |
| Statement of responsibility, etc. |
ред. В.Вакуловская О.С. Кулагина |
| 260 ## - PUBLICATION, DISTRIBUTION, ETC. |
| Place of publication, distribution, etc. |
Москва |
| 260 ## - PUBLICATION, DISTRIBUTION, ETC. |
| Name of publisher, distributor, etc. |
Наука Гл. ред. физ-мат. лит-ры |
| 260 ## - PUBLICATION, DISTRIBUTION, ETC. |
| Date of publication, distribution, etc. |
1969 |
| 300 ## - PHYSICAL DESCRIPTION |
| Extent |
192 с. 20 см. |
| 653 ## - INDEX TERM--UNCONTROLLED |
| Uncontrolled term |
Элементы математической лингвистики |
| 942 ## - ADDED ENTRY ELEMENTS (KOHA) |
| Koha item type |
წიგნი |